[Event "Berlin-ch Seniors op 39th"]
[Site "Berlin"]
[Date "2023.01.25"]
[Round "2"]
[White "Wolf, Christian"]
[Black "Kohlmeyer, Dagobert"]
[Result "1-0"]
[WhiteElo "2083"]
[BlackElo "1837"]
[PlyCount "63"]
[EventDate "2023.01.24"]
[EventType "swiss"]
[EventRounds "9"]
[EventCountry "GER"]
[SourceTitle "CBM 212 Extra"]
[Source "ChessBase"]
[SourceDate "2023.03.31"]
[SourceVersion "1"]
[SourceVersionDate "2023.03.31"]
[SourceQuality "1"]

1. e4 e6 2. d4 d5 3. Bd3 Nc6 4. c3 dxe4 5. Bxe4 Qd6 6. Nf3 Nf6 7. Bc2 Be7 8. Nbd2 0-0 9. 0-0 Qd5 10. Re1 Bd6 11. Nf1 Qh5 12. Ng3 Bxg3 13. fxg3 h6 14. Bf4 Nd5 15. Qd3 f5 16. Bd2 Nf6 17. Ne5 Ne4 18. Nxc6 bxc6 19. Bf4 Nd6 20. h3 g5 21. Be5 a5 22. g4 Qf7 23. gxf5 Qxf5 24. Qd2 Qf7 25. Rf1 Qd7 26. Rxf8+ Kxf8 27. Rf1+ Kg8 28. Rf6 Nf7 29. Rg6+ Kf8 30. Qf2 Ba6 31. Rxh6 Ke8 32. Bg6 1-0

[Event "Berlin-ch Seniors op 37th"]
[Site "Berlin"]
[Date "2021.06.14"]
[Round "7"]
[White "Gaertner, Michael"]
[Black "Kohlmeyer, Dagobert"]
[Result "0-1"]
[WhiteElo "1686"]
[BlackElo "1816"]
[PlyCount "40"]
[EventDate "2021.06.08"]
[EventType "swiss"]
[EventRounds "9"]
[EventCountry "GER"]
[SourceTitle "EXT 2022"]
[Source "ChessBase"]
[SourceDate "2021.10.06"]
[SourceVersion "1"]
[SourceVersionDate "2021.10.06"]
[SourceQuality "1"]

1. e4 e6 2. Nf3 d5 3. exd5 exd5 4. d4 Nf6 5. Bg5 Be7 6. Nc3 0-0 7. h3 Re8 8. Be2 h6 9. Be3 Bb4 10. 0-0 Bxc3 11. bxc3 Ne4 12. Qe1 Qe7 13. c4 Ng3 14. cxd5 Nxf1 15. Qxf1 Nd7 16. Qc1 Qf6 17. c4 Nb6 18. Bd3 Bxh3 19. gxh3 Qxf3 20. Bxh6 Qxd3 0-1

[Event "Berlin Lichtenberger op 18th"]
[Site "Berlin"]
[Date "2019.08.18"]
[Round "2"]
[White "Kohlmeyer, Dagobert"]
[Black "Caglar, Erdal"]
[Result "1-0"]
[WhiteElo "1776"]
[BlackElo "1514"]
[PlyCount "83"]
[EventDate "2019.08.17"]
[EventType "swiss"]
[EventRounds "9"]
[EventCountry "GER"]
[SourceTitle "EXT 2020"]
[Source "ChessBase"]
[SourceDate "2019.10.17"]
[SourceVersion "1"]
[SourceVersionDate "2019.10.17"]
[SourceQuality "1"]

1. e4 Nc6 2. d4 e5 3. Nf3 exd4 4. Nxd4 Qf6 5. Be3 Bc5 6. c3 Nxd4 7. Bxd4 Bxd4 8. cxd4 d6 9. Nc3 Qe7 10. Bd3 Nf6 11. 0-0 0-0 12. Re1 Be6 13. e5 dxe5 14. dxe5 Nd5 15. Nxd5 Bxd5 16. Bxh7+ Kxh7 17. Qxd5 c6 18. Qe4+ g6 19. Re3 Rad8 20. Qf4 Kg7 21. Rae1 Rh8 22. g3 Qe6 23. h4 Rd2 24. Rb3 Rd7 25. Rf3 Rd5 26. Qf6+ Qxf6 27. exf6+ Kf8 28. Rfe3 Rd8 29. Re7 Rb8 30. Rd1 a5 31. Rdd7 Rh7 32. Rxb7 Rxb7 33. Rxb7 Ke8 34. Rc7 Rh5 35. Rxc6 Rb5 36. b3 Kd7 37. Ra6 Re5 38. Kg2 Re6 39. Rxa5 Rxf6 40. Ra7+ Kc8 41. a4 Kb8 42. Re7 1-0

[Event "Berlin-ch Seniors op 34th"]
[Site "Berlin"]
[Date "2018.02.02"]
[Round "4"]
[White "Kohlmeyer, Dagobert"]
[Black "Brinckmann, Klaus"]
[Result "1-0"]
[WhiteElo "1858"]
[BlackElo "1689"]
[PlyCount "55"]
[EventDate "2018.01.30"]
[EventType "swiss"]
[EventRounds "9"]
[EventCountry "GER"]
[SourceTitle "EXT 2020"]
[Source "ChessBase"]
[SourceDate "2019.10.17"]
[SourceVersion "1"]
[SourceVersionDate "2019.10.17"]
[SourceQuality "1"]

1. e4 c5 2. Nf3 e6 3. d4 cxd4 4. Nxd4 a6 5. Bd3 Qc7 6. 0-0 Nf6 7. Nc3 Nc6 8. Nxc6 dxc6 9. Be3 b5 10. f4 c5 11. e5 Nd5 12. Nxd5 exd5 13. Qf3 Bb7 14. Bf2 c4 15. Bf5 Bc5 16. e6 Bxf2+ 17. Qxf2 g6 18. exf7+ Kxf7 19. Bh3 h5 20. Qd4 Rae8 21. Rae1 Rhf8 22. Re5 Re7 23. Qd1 Qc5+ 24. Kh1 Rxe5 25. fxe5+ Kg7 26. Rxf8 Kxf8 27. Qf3+ Kg8 28. Be6+ 1-0

[Event "Berlin-ch Seniors op 33rd"]
[Site "Berlin"]
[Date "2017.01.31"]
[Round "1"]
[White "Kohlmeyer, Dagobert"]
[Black "Krawatzki, Armin"]
[Result "1-0"]
[WhiteElo "1890"]
[BlackElo "1623"]
[PlyCount "112"]
[EventDate "2017.01.31"]
[EventType "swiss"]
[EventRounds "9"]
[EventCountry "GER"]
[SourceTitle "EXT 2019"]
[Source "ChessBase"]
[SourceDate "2018.10.10"]
[SourceVersion "1"]
[SourceVersionDate "2018.10.10"]
[SourceQuality "1"]

1. e4 e6 2. d4 d5 3. Nc3 Be7 4. e5 c5 5. Bb5+ Nc6 6. Be3 cxd4 7. Bxd4 Bd7 8. Nf3 Nh6 9. Bd3 Nb4 10. 0-0 Nxd3 11. Qxd3 Nf5 12. Rfe1 Rc8 13. Bxa7 b6 14. a4 Ra8 15. Qa6 0-0 16. Qxb6 Qxb6 17. Bxb6 Bb4 18. a5 Rfc8 19. Ra2 Bxc3 20. bxc3 Rxc3 21. Nd4 Nxd4 22. Bxd4 Rc6 23. Rb1 Bc8 24. Bb6 Ba6 25. Bd4 Kf8 26. c3 Ke8 27. f3 Kd7 28. Rab2 Kc8 29. Kf2 Bd3 30. Ra1 Rca6 31. Bb6 Kd7 32. Ke3 Bc4 33. Kd4 Kc6 34. Rab1 f6 35. f4 f5 36. h3 h6 37. g4 Rf8 38. Bc5 Rf7 39. Bd6 fxg4 40. Rb6+ Rxb6 41. Rxb6+ Kd7 42. hxg4 Rxf4+ 43. Kc5 Be2 44. Rb7+ Kc8 45. Rb8+ Kd7 46. Kb6 Rc4 47. Rb7+ Ke8 48. Rxg7 Rxc3 49. Re7+ Kd8 50. Rxe6 d4 51. Rxh6 Bxg4 52. e6 Bxe6 53. Rxe6 Kd7 54. Rh6 Rc6+ 55. Kb7 d3 56. Bf4 Rc2 1-0

[Event "Berlin-ch Seniors op 32nd"]
[Site "Berlin"]
[Date "2016.02.02"]
[Round "7"]
[White "Kohlmeyer, Dagobert"]
[Black "Grabinger, Hartmut"]
[Result "1-0"]
[WhiteElo "1834"]
[BlackElo "1985"]
[PlyCount "71"]
[EventDate "2016.01.26"]
[EventType "swiss"]
[EventRounds "9"]
[EventCountry "GER"]
[SourceTitle "EXT 2019"]
[Source "ChessBase"]
[SourceDate "2018.10.10"]
[SourceVersion "1"]
[SourceVersionDate "2018.10.10"]
[SourceQuality "1"]

1. e4 c5 2. Nf3 Nc6 3. d4 cxd4 4. Nxd4 Nf6 5. Nc3 e5 6. Ndb5 d6 7. Bg5 a6 8. Na3 b5 9. Nd5 Be7 10. Nxe7 Nxe7 11. Bd3 Be6 12. 0-0 0-0 13. Qf3 Ng6 14. Rfd1 Bg4 15. Qxg4 Nxg4 16. Bxd8 Rfxd8 17. c3 Nf4 18. Nc2 Kf8 19. f3 Nf6 20. Ne3 d5 21. exd5 N4xd5 22. Nxd5 Rxd5 23. c4 bxc4 24. Bxc4 Rc5 25. b3 a5 26. a4 Ra7 27. Ra2 Nd7 28. Rad2 Nb6 29. Rd8+ Ke7 30. Bb5 Nc8 31. Re8+ Kf6 32. h4 h5 33. Kf2 Rac7 34. Ba6 Rc2+ 35. Kg3 Ne7 36. Rd6+ 1-0

[Event "Berlin-ch Seniors op 32nd"]
[Site "Berlin"]
[Date "2016.01.28"]
[Round "3"]
[White "Kohlmeyer, Dagobert"]
[Black "Schroeder, Wolfgang1"]
[Result "1-0"]
[WhiteElo "1834"]
[BlackElo "1663"]
[PlyCount "83"]
[EventDate "2016.01.26"]
[EventType "swiss"]
[EventRounds "9"]
[EventCountry "GER"]
[SourceTitle "EXT 2019"]
[Source "ChessBase"]
[SourceDate "2018.10.10"]
[SourceVersion "1"]
[SourceVersionDate "2018.10.10"]
[SourceQuality "1"]

1. e4 c5 2. Nf3 d6 3. d4 cxd4 4. Nxd4 Nf6 5. Nc3 a6 6. Be2 e5 7. Nb3 Be6 8. 0-0 Be7 9. Be3 0-0 10. Nd2 b5 11. f3 Nbd7 12. a3 Rc8 13. Re1 Nb6 14. Bf2 d5 15. exd5 Nfxd5 16. Nde4 f5 17. Nxd5 Nxd5 18. Ng3 Qc7 19. c3 Bc5 20. Nh1 Rf6 21. g3 e4 22. Bxc5 Qxc5+ 23. Qd4 Qxd4+ 24. cxd4 e3 25. Rac1 Rcf8 26. f4 Rg6 27. Kf1 Nf6 28. Bf3 Bc4+ 29. Kg1 Re8 30. Rc3 Bd5 31. Rexe3 Rxe3 32. Rxe3 Ne4 33. Nf2 Re6 34. Nxe4 fxe4 35. Bg4 Re7 36. Kf2 g6 37. Rc3 Kg7 38. Ke3 h5 39. Bh3 Kf6 40. Rc5 Bb7 41. d5 Ba8 42. d6 1-0

[Event "Berlin Lichtenberger op 14th"]
[Site "Berlin"]
[Date "2015.08.21"]
[Round "7"]
[White "Kohlmeyer, Dagobert"]
[Black "Mueller, Joerg Rene"]
[Result "0-1"]
[WhiteElo "1867"]
[BlackElo "1489"]
[PlyCount "102"]
[EventDate "2015.08.15"]
[EventType "swiss"]
[EventRounds "9"]
[EventCountry "GER"]
[SourceTitle "EXT 2016"]
[Source "ChessBase"]
[SourceDate "2015.10.08"]
[SourceVersion "1"]
[SourceVersionDate "2015.10.08"]
[SourceQuality "1"]

1. e4 d6 2. d4 c5 3. Nf3 Nf6 4. Bb5+ Nbd7 5. Nc3 a6 6. Bxd7+ Nxd7 7. 0-0 e6 8. dxc5 Nxc5 9. e5 d5 10. Be3 b6 11. a4 Be7 12. b4 Nb7 13. b5 0-0 14. Nd4 Bd7 15. bxa6 Rxa6 16. Ncb5 f6 17. f4 Bc5 18. c3 Qc8 19. Qd3 fxe5 20. fxe5 Rxf1+ 21. Qxf1 Bxb5 22. Qxb5 Ra5 23. Qb3 Qe8 24. c4 Bxd4 25. Bxd4 Qc6 26. cxd5 Rxd5 27. Qe3 Na5 28. Rc1 Qd7 29. Bxb6 Rd1+ 30. Rxd1 Qxd1+ 31. Kf2 Nc4 32. Qd4 Qc2+ 33. Ke1 Qb1+ 34. Ke2 Nxb6 35. Qd8+ Kf7 36. Qc7+ Kg6 37. Qd6 Qc2+ 38. Ke1 Qe4+ 39. Kf2 Nxa4 40. Qxe6+ Kg5 41. Qe7+ Kh6 42. g3 Qf5+ 43. Kg2 Nc3 44. Qd6+ Kh5 45. e6 Ne4 46. Qd1+ Kg6 47. Qd7 Qf2+ 48. Kh3 Ng5+ 49. Kh4 Qxh2+ 50. Kg4 Qh3+ 51. Kf4 Nxe6+ 0-1

[Event "Berlin Lichtenberger op 14th"]
[Site "Berlin"]
[Date "2015.08.20"]
[Round "6"]
[White "Wilke, Hans Peter"]
[Black "Kohlmeyer, Dagobert"]
[Result "0-1"]
[WhiteElo "1655"]
[BlackElo "1867"]
[PlyCount "140"]
[EventDate "2015.08.15"]
[EventType "swiss"]
[EventRounds "9"]
[EventCountry "GER"]
[SourceTitle "EXT 2016"]
[Source "ChessBase"]
[SourceDate "2015.10.08"]
[SourceVersion "1"]
[SourceVersionDate "2015.10.08"]
[SourceQuality "1"]

1. b4 e5 2. Bb2 Bxb4 3. Bxe5 Nf6 4. e3 0-0 5. Nf3 c5 6. c4 Nc6 7. Bb2 d5 8. cxd5 Nxd5 9. Be2 Bf5 10. 0-0 Nf6 11. d4 cxd4 12. Nxd4 Nxd4 13. Bxd4 b6 14. Nd2 Rc8 15. Rc1 Qe7 16. Nf3 Rxc1 17. Qxc1 Rc8 18. Qa1 h6 19. Rc1 Rxc1+ 20. Qxc1 Qe4 21. Nd2 Bxd2 22. Qxd2 Qb1+ 23. Bf1 Bc2 24. Bxf6 gxf6 25. Qd8+ Kg7 26. Qd5 a6 27. h3 b5 28. a3 Qd1 29. Qxd1 Bxd1 30. Bd3 Kf8 31. g3 Ke7 32. Kf1 Bf3 33. Ke1 Kd6 34. Kd2 Bg2 35. h4 Kc5 36. Kc3 Bd5 37. Bf5 a5 38. Bd3 Bf3 39. Bc2 Be2 40. Kd2 Bc4 41. Kc3 Be6 42. f3 Bc4 43. f4 b4+ 44. axb4+ axb4+ 45. Kb2 Kd5 46. Bf5 Kc5 47. Be4 Kd6 48. Kc2 Ke6 49. Kb2 f5 50. Bf3 Bd5 51. Be2 Kd6 52. Bd1 Kc5 53. Bh5 f6 54. Be2 Bc4 55. Bf3 Bd5 56. Be2 Bg2 57. Bd3 Bh3 58. Kb3 Bg4 59. Kc2 Kd5 60. Kd2 Bh3 61. Bc2 Kc4 62. Bd3+ Kb3 63. e4 fxe4 64. Bxe4 Kc4 65. Bd3+ Kd4 66. Bc2 Bg2 67. Ba4 Bd5 68. Bc2 b3 69. Bd1 b2 70. Kc2 Bb3+ 0-1

[Event "Berlin-ch Seniors op 31st"]
[Site "Berlin"]
[Date "2015.02.06"]
[Round "8"]
[White "Kohlmeyer, Dagobert"]
[Black "Schroeder, Wolfgang"]
[Result "1-0"]
[WhiteElo "1646"]
[BlackElo "1467"]
[PlyCount "111"]
[EventDate "2015.01.29"]
[EventType "swiss"]
[EventRounds "9"]
[EventCountry "GER"]
[SourceTitle "EXT 2018"]
[Source "ChessBase"]
[SourceDate "2017.10.13"]
[SourceVersion "1"]
[SourceVersionDate "2017.10.13"]
[SourceQuality "1"]

1. e4 c5 2. Nc3 Nc6 3. Nf3 d6 4. d4 cxd4 5. Nxd4 Qb6 6. Bb5 e6 7. Be3 Qc7 8. 0-0 Bd7 9. f4 Nf6 10. f5 Nxd4 11. Bxd7+ Qxd7 12. Bxd4 e5 13. Bf2 Qc6 14. Qd3 Be7 15. Nd5 Nxd5 16. exd5 Qd7 17. a4 a5 18. Qb5 Bd8 19. c4 Qxb5 20. axb5 b6 21. b4 Kd7 22. bxa5 bxa5 23. Ra4 Bg5 24. Rfa1 Bd2 25. Bb6 Rhc8 26. Kf1 Bc3 27. R1a2 Bb4 28. Bxa5 Bxa5 29. Rxa5 Rxa5 30. Rxa5 Rxc4 31. Ra7+ Kc8 32. Rxf7 Rc7 33. Rf8+ Kb7 34. Rd8 Kb6 35. Rxd6+ Kxb5 36. Re6 Kc5 37. Rxe5 Kd6 38. Re2 Rf7 39. Rf2 Kxd5 40. g4 Ke5 41. Kg2 Ke4 42. Kg3 Rb7 43. Re2+ Kd5 44. Kh4 Rf7 45. Kg5 Kd6 46. h4 Kd7 47. Ra2 Kd6 48. h5 Ke5 49. Re2+ Kd6 50. h6 Kd7 51. Kh5 Kd8 52. hxg7 Rxg7 53. g5 Rf7 54. f6 Rb7 55. Kh6 Rf7 56. Re7 1-0

[Event "Berlin-ch Seniors op 31st"]
[Site "Berlin"]
[Date "2015.02.04"]
[Round "6"]
[White "Kohlmeyer, Dagobert"]
[Black "Koeckeritz, Dieter"]
[Result "1-0"]
[WhiteElo "1646"]
[BlackElo "1413"]
[PlyCount "45"]
[EventDate "2015.01.29"]
[EventType "swiss"]
[EventRounds "9"]
[EventCountry "GER"]
[SourceTitle "EXT 2018"]
[Source "ChessBase"]
[SourceDate "2017.10.13"]
[SourceVersion "1"]
[SourceVersionDate "2017.10.13"]
[SourceQuality "1"]

1. e4 c5 2. Nf3 e6 3. d4 cxd4 4. Nxd4 a6 5. Nc3 Nc6 6. Nxc6 bxc6 7. Be2 Qc7 8. 0-0 Be7 9. Be3 Nf6 10. Qe1 d5 11. exd5 Nxd5 12. Nxd5 cxd5 13. Qd2 0-0 14. f4 Bd7 15. Rf3 Bc5 16. Rc1 Bxe3+ 17. Qxe3 Bc6 18. Rh3 e5 19. fxe5 Rfe8 20. Bd3 Qxe5 21. Bxh7+ Kf8 22. Qc5+ Re7 23. Bd3 1-0

[Event "Berlin-ch Seniors op 31st"]
[Site "Berlin"]
[Date "2015.02.02"]
[Round "4"]
[White "Kohlmeyer, Dagobert"]
[Black "Bauder, Herbert"]
[Result "1/2-1/2"]
[WhiteElo "1646"]
[BlackElo "1839"]
[PlyCount "157"]
[EventDate "2015.01.29"]
[EventType "swiss"]
[EventRounds "9"]
[EventCountry "GER"]
[SourceTitle "EXT 2018"]
[Source "ChessBase"]
[SourceDate "2017.10.13"]
[SourceVersion "1"]
[SourceVersionDate "2017.10.13"]
[SourceQuality "1"]

1. e4 c5 2. Nf3 Nc6 3. d4 cxd4 4. Nxd4 Nf6 5. Nc3 e5 6. Ndb5 d6 7. a4 a6 8. Na3 h6 9. f3 Be6 10. Be3 d5 11. exd5 Nxd5 12. Nxd5 Bxd5 13. c3 Rb8 14. Bd3 Be7 15. 0-0 0-0 16. Nc4 b5 17. axb5 axb5 18. Nd2 Bg5 19. Bc5 Be7 20. Bf2 Na5 21. Re1 Qc7 22. Qe2 Nc4 23. Ra7 Qd8 24. Nf1 Bf6 25. Ne3 Nxe3 26. Bxe3 Bc6 27. Rea1 Re8 28. b4 e4 29. fxe4 Bxc3 30. Rc1 Qf6 31. Rf1 Qe6 32. Bc5 Bxe4 33. Bxb5 Bc6 34. Qxe6 Rxe6 35. Bxc6 Rxc6 36. Rfxf7 Re6 37. Kf2 Rd8 38. Rfd7 Rb8 39. Rab7 Rbe8 40. Be7 Bf6 41. Bc5 Bc3 42. Rf7 Re2+ 43. Kf3 Re1 44. Kg3 Be5+ 45. Kh3 Bf6 46. Rfd7 R1e2 47. g3 h5 48. Bd4 Bxd4 49. Rxd4 g5 50. Rdd7 g4+ 51. Kh4 Rxh2+ 52. Kg5 Rhe2 53. Rg7+ Kh8 54. Rh7+ Kg8 55. Rbg7+ Kf8 56. Rg6 R8e5+ 57. Kh6 Re6 58. Rxe6 Rxe6+ 59. Kxh5 Rb6 60. Kxg4 Rxb4+ 61. Kh5 Rb5+ 62. Kh4 Rb1 63. Ra7 Rh1+ 64. Kg5 Rb1 65. g4 Rb6 66. Rc7 Rd6 67. Kf5 Rb6 68. Rd7 Kg8 69. Re7 Kf8 70. Re6 Rxe6 71. Kxe6 Kg7 72. Kf5 Kf7 73. Kg5 Kg7 74. Kf5 Kf7 75. g5 Kg7 76. g6 Kg8 77. Kg4 Kg7 78. Kf5 Kg8 79. Kg5 1/2-1/2